000 00904cam a22002893a 4500
001 19771
003 PGUSA
005 20140828083423.0
008 061112s2006||||xxu|||||s|||||000 1 eng d
040 _aPGUSA
_beng
042 _adc
050 4 _aPR
100 1 _aDisraeli, Benjamin, Earl of Beaconsfield,
_d1804-1881
245 1 0 _aHenrietta Temple :
_bA Love Story
_h[electronic resource] /
_cBenjamin, Earl of Beaconsfield Disraeli
260 _bProject Gutenberg,
_c2006
506 _aPublic domain in the USA.
516 _aElectronic text
653 _aLove stories
653 _aAutobiographical fiction
653 _aAristocracy (Social class) -- Fiction
653 _aUpper class families -- Fiction
653 _aLondon (England) -- Fiction
653 _aDandies -- Fiction
830 0 _aProject Gutenberg
_v19771
856 4 0 _uhttp://www.gutenberg.org/ebooks/19771
942 _cEB
999 _c249026
_d249026